Multidrug resistance of cancer cells in vitro and its reversal, apoptosis induction by syntetic and plant derived compunds and HER2 overexpression in non-small cell lung cancer patients

Elmentve itt :
Bibliográfiai részletek
Szerző: Ugocsai Katalin
További közreműködők: Molnár József (Témavezető)
Dokumentumtípus: Disszertáció
Megjelent: 2005
Tárgyszavak:
Online Access:http://doktori.ek.szte.hu/169
LEADER 00597nta a2200157 i 4500
001 dokt169
005 20190620141113.0
008 100513s2005 hu om 0|| eng d
040 |a SZTE Doktori Repozitórium  |b hun 
041 |a eng 
100 1 |a Ugocsai Katalin 
245 1 0 |a Multidrug resistance of cancer cells in vitro and its reversal, apoptosis induction by syntetic and plant derived compunds and HER2 overexpression in non-small cell lung cancer patients  |h [elektronikus dokumentum] /  |c  Ugocsai Katalin 
260 |c 2005 
502 |a Disszertacio 
650 4 |a orvostudományok 
700 1 |a Molnár József  |e ths